000 00867nam a2200253Ia 4500
003 OSt
005 20220923211006.0
006 a|||||r|||| 00| 0
007 ta
008 220922b |||||||| |||| 00| 0 hin d
020 _a8170167442 (hbk)
_c100
024 _a238,049
037 _b420, 24/03/2009, Swaraj Prakashan
_cTextual
040 _aARTS
_cARTS
_bhin
041 _2hin
_ahin
082 _aO152,3N32x, P6
100 _aकमलेश्वर
_9156277
245 0 _aबयान तथा अन्य कहानियॉं
246 _aBayān tathā anya kahāniyaॉan
260 _aनयी दिल्ली
_b किताबघर प्रकाशन
_c2006
300 _a231पृ.
_ccm.
942 _hO152,3N32x, P6
_cTEXL
_2CC
999 _c293631
_d293631